000 00647nam a2200229Ia 4500
005 20260429111938.0
008 260429s9999||||xx |||||||||||||| ||und||
020 _a9789350981023
041 _aEnglish
082 _a954.02
_bRAY
100 _aRay, Aniruddha
245 0 _aTowns and cities of medieval India :
_ba brief survey /
_cAniruddha Ray
250 _a1st ed.
260 _aNew Delhi :
_bManohar Publishers and Distributors,
_c2024.
300 _a584 p.; hb
650 _a Cities and towns
650 _a Historical geography
650 _a India-History
650 _a Urban history
650 _aMedieval India
942 _cTB
999 _c51557
_d51557